| 000 | 00386nam a2200157Ia 4500 | ||
|---|---|---|---|
| 008 | 230312s9999||||xx |||||||||||||| ||und|| | ||
| 020 | _a969-417-147-0 | ||
| 082 |
_a297 _bIQB-M |
||
| 100 | _aIqbal;S,Hussain | ||
| 245 | 0 | _aMuslim Delusion | |
| 260 |
_bHumanity International _aPakistan _c2010 |
||
| 300 | _a360 | ||
| 546 | _aEng. | ||
| 650 |
_aLiterature _vMuslim Delusion |
||
| 942 | _cBK | ||
| 999 |
_c8349 _d8349 |
||